Statistiques concernant Pays lors d'une Coupe du Monde de la FIFA

Cliquez ici pour prendre le quiz!

Statistiques générales

  • Ce quiz a été pris 436 fois
  • Le résultat moyen est 13 sur 16

Statistiques - réponses

QuestionTuileSelect% Correct
.BelgiqueOui
96%
.MexiqueOui
93%
.Afrique du SudOui
91%
.MongolieNon
89%
.TurquieOui
89%
.Arabie SaouditeOui
88%
.AutricheOui
88%
.Côte d'IvoireOui
88%
.ÉquateurOui
88%
.TunisieOui
88%
.PhilippinesNon
87%
.IslandeOui
77%
.CanadaOui
73%
.IndeNon
73%
.FinlandeNon
72%
.Nouvelle-ZélandeOui
69%

Distribution des résultats

Percentile par nombre de réponses

% des personnes avec chaque résultat

Votre développement - résultats

Vous n’avez pas pris ce quiz